Statistics for Things that are Blue by Picture

Click here to take the quiz!

General Stats

  • This quiz has been taken 11,253 times
  • The average score is 11 of 18

Answer Stats

Answer% Correct
Facebook
99%
Sweden
92%
Peacock
90%
Democratic Party
86%
Sapphire
79%
Starry Night
69%
Glacier
67%
Blue Jay
63%
Neptune
63%
Blue Man Group
54%
Kazakhstan
53%
Pablo Picasso
53%
Great Blue Heron
51%
Istanbul
50%
Windows
42%
Ethernet
38%
Babe the Blue Ox
29%
Belize
20%

Score Distribution

Percentile by Number Answered

Percent of People with Each Score

Your Score History

You have not taken this quiz